• 首页
  • 本馆介绍
  • 公告通知
  • 最新文献
  • 馆藏检索
  • 电子资源
  • 读者导购
  • 参考咨询
  • 我的图书馆
  • 登录
  • 详细信息显示
  • 放入我的书架
  • 预约/预借图书
  • 作者相关作品
  • 分类相关作品
  • 丛书相关作品
  • 出版社相关作品

书目信息

  • 表格格式
  • 工作单格式
  • 卡片格式
题名:
微纳系统技术与应用
    
 
作者: 姚军 , 汪为民 编著
分册:  
出版信息: 北京   科学出版社  2011.8
页数: 216页
开本: 24cm
丛书名: 微纳技术著作丛书
单 册:
中图分类: TN4
科图分类:
主题词: 微电子技术
电子资源:
ISBN: 978-7-03-032103-9
000 01083nam 2200265 450
001 0400003722
005 20171022130658.0
010    @a978-7-03-032103-9@dCNY50.00
100    @a20111224e20172011em y0chiy50 ea
101 0  @achi
102    @aCN@b110000
105    @aa z 000yy
106    @ar
200 1  @a微纳系统技术与应用@9wei na xi tong ji shu yu ying yong@f姚军,汪为民编著
210    @a北京@c科学出版社@d2011.8@h2017.2
215    @a216页@c图@d24cm
225 2  @a微纳技术著作丛书
330    @a本书阐述了微纳结构与系统的知识,包括微纳系统的基本概念、所用材料、加工方法、在多学科交叉领域的具体应用等;探讨了微纳系统领域内一些热点研究方向的最新成果,包括MEMS空间光调制器、MEMS开关、光纤传感器、气体传感器等;并按照设计、加工、测试、封装这一完整流程阐述了研发的方法和技巧,通过实例对各个研发环节的实践经验进行了简明介绍。
461  0 @12001 @a微纳技术著作丛书
606 0  @a微电子技术
690    @aTN4@v4
701  0 @a姚军@9yao jun@c(信息光学)@4编著
701  0 @a汪为民@9wang wei min@c(信息光学)@4编著
801  0 @aCN@b91MARC@c20171022
905    @b1023035-9@dTN4@f5@e154
    
    微纳系统技术与应用/姚军,汪为民编著.-北京:科学出版社,2011.8(2017.2)
    216页:图;24cm.-(微纳技术著作丛书)
    
    
    ISBN 978-7-03-032103-9:CNY50.00
    本书阐述了微纳结构与系统的知识,包括微纳系统的基本概念、所用材料、加工方法、在多学科交叉领域的具体应用等;探讨了微纳系统领域内一些热点研究方向的最新成果,包括MEMS空间光调制器、MEMS开关、光纤传感器、气体传感器等;并按照设计、加工、测试、封装这一完整流程阐述了研发的方法和技巧,通过实例对各个研发环节的实践经验进行了简明介绍。
●
相关链接 在E读中查询图书 在五车中查询图书 在当当中查询图书 在豆瓣中查询图书


正题名:微纳系统技术与应用     索取号:TN4/154         预约/预借

序号 登录号 条形码 馆藏地/架位号 状态 备注
1 1023035   210230356   第二样本阅览室/ [索取号:TN4/154] 在馆    
2 1023036   210230365   密集书库-物理学院/ [索取号:TN4/154] 在馆    
3 1023037   210230374   第三借阅区/ [索取号:TN4/154] 在馆    
4 1023038   210230383   第三借阅区/ [索取号:TN4/154] 在馆    
5 1023039   210230392   第三借阅区/ [索取号:TN4/154] 在馆    
唐山师范学院图书馆 欢迎您!
大连网信软件有限公司© 版权所有